000
00253nmm a2200085Ia 4500
008
220120s9999||||xx |||||||||||||||||und||
100
_a
Callister, William, D
_9
432
245
0
_a
Callister`s material scinece and engineering
260
_a
Tata mcgraw hill
_c
2010
999
_c
139501
_d
139501